000 01435nam a22003614c 4500
001 197894
003 ES-MaACL
005 20251122063148.0
008 251023s2021 sp a | |||| 001 0 spa
017 _aB 9548-2021
_bOficina Depósito Legal Barcelona
020 _a978-84-18473-79-1
040 _aES-MaACL
_bspa
_cES-MaACL
_erda
080 _a94(460)
130 0 _aAtlas histórico de España
_9242428
245 1 0 _aAtlas histórico de España :
_bcon textos originales de todas las épocas /
_cdirección editorial, Jordi Induráin Pons ; historiadores que han redactado los textos y selecionado la documentación, Lluís Cànovas Martí [y otros seis]
250 _aTercera edición, junio de 2021
264 1 _aBarcelona
_bLarousse,
_c[2021]
264 4 _c©2021
300 _a207 páginas :
_bmapas (color) ;
_c27 cm
336 _aTexto
_2rdacontent
337 _asin mediación
_2rdamedia
338 _avolumen
_2rdacarrier
504 _aÍndice
651 4 _aEspaña-
_xHistoria
_98209
700 1 _aCànovas Martí, Lluís
_4aut
_9242430
_eaut
700 1 _aInduráin Pons, Jordi
_9242431
_epbd
852 _aES-MaACL
_cDEPO1
_jA-15825
_hDonación: José Lázaro García
_xEncuadernación rústica
_9206930
942 _cMONOGRAFIA
_n0
956 _a2
999 _c197894
_d197894